[Event "Motor City Open"]
[Site "Warren, MI"]
[Date "2002.11.29"]
[Round "2.8"]
[White "Robertson, John"]
[Black "Wilson, Vester"]
[Result "1/2-1/2"]
[WhiteElo "1572"]
[BlackElo "2087"]
[PlyCount "42"]
[EventDate "2002.11.29"]

1. e4 e5 2. Nf3 Nc6 3. Bc4 Nf6 4. d3 Bc5 5. O-O d6 6. Be3 Bg4 7. h3 Bh5 8. Nc3
Nd4 9. g4 Nxg4 10. hxg4 Bxg4 11. Bxd4 exd4 12. Nb1 Qf6 13. Nbd2 Bb4 14. c3 dxc3
15. Qa4+ c6 16. Qxb4 cxd2 17. Nxd2 Bh3 18. f3 a5 19. Qc3 Qh4 20. Qxg7 O-O-O 21.
Qxf7 Rdf8 {Remainder illegible, 35?} 1/2-1/2

[Event "Motor City Open"]
[Site "Warren, MI"]
[Date "2002.11.29"]
[Round "2.16"]
[White "Reid, Ricky"]
[Black "Williams, Marcus"]
[Result "1/2-1/2"]
[WhiteElo "1227"]
[BlackElo "1782"]
[PlyCount "54"]
[EventDate "2002.11.29"]

1. d4 Nf6 2. Nf3 g6 3. Bf4 Bg7 4. e3 O-O 5. Be2 d6 6. h3 b6 7. c4 Bb7 8. Nc3
Nbd7 9. O-O Re8 10. d5 e5 11. Bh2 Nc5 12. Qc2 c6 13. e4 cxd5 14. exd5 Bc8 15.
b4 Bf5 16. Qd2 Nce4 17. Nxe4 Nxe4 18. Qe3 Nf6 19. Rac1 Rc8 20. Rfd1 Bf8 21. Bg3
Qd7 22. Bh4 Nh5 23. g4 Bxg4 24. hxg4 Qxg4+ 25. Kf1 e4 26. Qg5 Qh3+ 27. Qg2
Qxg2+ 1/2-1/2

[Event "Motor City Open"]
[Site "Warren, MI"]
[Date "2002.11.29"]
[Round "1.26"]
[White "Reddick, Forrest"]
[Black "Steen, Harold"]
[Result "0-1"]
[WhiteElo "944"]
[BlackElo "1647"]
[PlyCount "77"]
[EventDate "2002.11.29"]

1. d4 f5 2. Nc3 Nf6 3. Nf3 g6 4. Bg5 Bg7 5. e3 O-O 6. Bd3 d6 7. O-O Nc6 8. Bb5
a6 9. Bxc6 bxc6 10. d5 Bb7 11. Bxf6 Bxf6 12. dxc6 Bxc6 13. Nd4 Bd7 14. Nd5 Bg7
15. Qd3 e5 16. Nb3 c6 17. Nb4 d5 18. Nxa6 e4 19. Qe2 Bxb2 20. Rab1 Bg7 21. Nbc5
Bc8 22. Rb8 Rxb8 23. Nxb8 Qa5 24. Ncd7 Bxd7 25. Nxd7 Rd8 26. c4 Rxd7 27. cxd5
cxd5 28. Rb1 Rd8 29. Rb5 Qc3 30. h3 d4 31. exd4 Qxd4 32. a3 Qd3 33. Qa2+ Kh8
34. Rb1 Be5 35. g3 e3 36. Qe6 Qxb1+ 37. Kg2 Qb2 38. h4 Qxf2+ 39. Kh3 0-1

[Event "Motor City Open"]
[Site "Warren, MI"]
[Date "2002.11.29"]
[Round "2.3"]
[White "Raban, David"]
[Black "Brooks, John"]
[Result "0-1"]
[WhiteElo "1668"]
[BlackElo "2176"]
[PlyCount "66"]
[EventDate "2002.11.29"]

1. d4 d5 2. c4 e6 3. Nc3 c6 4. Nf3 Nf6 5. Bg5 Be7 6. e3 Nbd7 7. Rc1 O-O 8. Bd3
dxc4 9. Bxc4 b5 10. Bd3 a6 11. O-O c5 12. Qe2 Bb7 13. Bh4 Qb6 14. Bg3 Rac8 15.
Rfd1 Rfd8 16. Bb1 Qa7 17. h3 Qa8 18. Rd2 b4 19. Na4 c4 20. Rxc4 Bc6 21. Nc5
Nxc5 22. dxc5 Bb5 23. Rxd8+ Rxd8 24. Nd4 Bxc4 25. Qxc4 Qd5 26. Qxa6 Qxc5 27.
Bd3 Bd6 28. Nb3 Qc7 29. f4 e5 30. Be1 exf4 31. exf4 Bxf4 32. Bxb4 Qe5 33. Bb1
Rd1+ 0-1

[Event "Motor City Open"]
[Site "Warren, MI"]
[Date "2002.11.29"]
[Round "2.6"]
[White "O'Donnell, Robert"]
[Black "Hazzard, Bill"]
[Result "1-0"]
[WhiteElo "2165"]
[BlackElo "1624"]
[PlyCount "67"]
[EventDate "2002.11.29"]

1. d4 f5 2. g3 Nf6 3. Bg2 e6 4. Nf3 Be7 5. O-O O-O 6. c4 d5 7. b3 Ne4 8. Bb2
Nd7 9. Nbd2 Ndf6 10. Ne5 Bb4 11. Ndf3 Qe8 12. Nd3 Be7 13. Nfe5 c6 14. f3 Ng5
15. Qd2 Nf7 16. Rae1 Nxe5 17. dxe5 Nd7 18. e4 dxe4 19. fxe4 fxe4 20. Bxe4 Nc5
21. Nxc5 Bxc5+ 22. Bd4 Rxf1+ 23. Rxf1 Qe7 24. Bxc5 Qxc5+ 25. Kg2 Qe7 26. Rd1 g6
27. Qh6 Bd7 28. Bxg6 Be8 29. Bxe8 Rxe8 30. Rd4 Kh8 31. h4 Kg8 32. Qd2 Rf8 33.
Rd7 Qc5 34. Qg5+ 1-0

[Event "Motor City Open"]
[Site "Warren, MI"]
[Date "2002.11.29"]
[Round "2.10"]
[White "Mazuchowski, Tom"]
[Black "Monge, Jeff"]
[Result "1/2-1/2"]
[WhiteElo "2000"]
[BlackElo "1561"]
[PlyCount "82"]
[EventDate "2002.11.29"]

1. e4 e6 2. Qe2 c5 3. f4 Nc6 4. Nf3 d6 5. g3 a6 6. c3 Nf6 7. d3 b5 8. Bg2 Be7
9. O-O Rb8 10. a3 a5 11. d4 d5 12. e5 Nd7 13. Be3 b4 14. dxc5 Nxc5 15. axb4 Ba6
16. Qc2 Bxf1 17. bxc5 Bxg2 18. Kxg2 O-O 19. Nbd2 Qc7 20. b3 Na7 21. Qa2 Nc6 22.
h4 f6 23. Nd4 Nxd4 24. cxd4 fxe5 25. fxe5 Bd8 26. Qc2 Qf7 27. Rf1 Qh5 28. Rxf8+
Kxf8 29. Nf3 Kg8 30. Bg5 h6 31. Bd2 Bc7 32. Qd3 Rf8 33. Bf4 Bd8 34. Qa6 Rxf4
35. gxf4 Qg4+ 36. Kf2 Bxh4+ 37. Nxh4 Qxh4+ 38. Ke2 Qg4+ 39. Ke1 Qg1+ 40. Ke2
Qg4+ 41. Ke1 Qg1+ 1/2-1/2

[Event "Motor City Open"]
[Site "Warren, MI"]
[Date "2002.11.29"]
[Round "2.1"]
[White "Matyszewski, Krzysztof"]
[Black "Finegold, Ben"]
[Result "0-1"]
[WhiteElo "1709"]
[BlackElo "2643"]
[PlyCount "54"]
[EventDate "2002.11.29"]

1. d4 d5 2. Bf4 Nf6 3. Nf3 g6 4. e3 Bg7 5. Nbd2 O-O 6. Bd3 c5 7. c3 b6 8. O-O
Bb7 9. h3 Nbd7 10. Ne5 a6 11. a4 e6 12. Qf3 Nh5 13. Nxd7 Nxf4 14. Nxf8 Nxd3 15.
Nxh7 f5 16. Qg3 Kxh7 17. Nf3 Bf6 18. h4 Qe7 19. Ng5+ Bxg5 20. hxg5 e5 21. Qh4+
Kg8 22. g4 Rf8 23. Kg2 fxg4 24. b3 exd4 25. cxd4 Qe4+ 26. Kg1 cxd4 27. exd4 Nf4
0-1

[Event "Motor City Open"]
[Site "Warren, MI"]
[Date "2002.11.29"]
[Round "2.17"]
[White "Livschitz, Jennifer"]
[Black "Scott, Steven"]
[Result "0-1"]
[WhiteElo "732"]
[BlackElo "1775"]
[PlyCount "74"]
[EventDate "2002.11.29"]

1. e4 c5 2. Nf3 d6 3. d4 cxd4 4. Nxd4 Nf6 5. Nc3 a6 6. Bc4 e6 7. Bg5 Be7 8.
Bxf6 Bxf6 9. O-O Qc7 10. b3 O-O 11. Re1 b5 12. Be2 Qxc3 13. Nf3 Qc7 14. Rb1 Bb7
15. Bd3 Nd7 16. b4 Rac8 17. a3 Rfd8 18. h3 Ne5 19. Nxe5 Bxe5 20. Qg4 d5 21.
exd5 Bxd5 22. Qh4 g6 23. Rbd1 Bg7 24. Be4 Bxe4 25. Qxe4 Rxd1 26. Rxd1 Rd8 27.
Qe2 Rxd1+ 28. Qxd1 Bb2 29. Qd3 Qc3 30. Qd8+ Kg7 31. Qb6 Qxa3 32. Qc5 Qa1+ 33.
Kh2 Bd4 34. Qc6 Bxf2 35. h4 h5 36. Qe4 Qg1+ 37. Kh3 Qh1# 0-1

[Event "Motor City Open"]
[Site "Warren, MI"]
[Date "2002.11.29"]
[Round "1.6"]
[White "Li, Derek"]
[Black "O'Donnell, Robert"]
[Result "0-1"]
[WhiteElo "1434"]
[BlackElo "2165"]
[PlyCount "52"]
[EventDate "2002.11.29"]

1. e4 c5 2. Nf3 Nc6 3. d4 cxd4 4. Nxd4 Nf6 5. Nc3 d6 6. Bg5 e6 7. Be2 Be7 8.
O-O a6 9. Qd2 Qc7 10. Rae1 O-O 11. Bd3 Nxd4 12. Bxa6 bxa6 13. Qxd4 Qc5 14. Qxc5
dxc5 15. f4 c4 16. Kh1 Bb4 17. Rf3 Bb7 18. Bxf6 gxf6 19. a3 Bc5 20. Rh3 Rad8
21. Na4 Ba7 22. Rc3 Bxe4 23. Rxc4 f5 24. Nc3 Ba8 25. b4 Rd2 26. Ne2 Bf2 0-1

[Event "Motor City Open"]
[Site "Warren, MI"]
[Date "2002.11.29"]
[Round "1.13"]
[White "Kvatadze, David"]
[Black "Vasos, Brandon"]
[Result "1-0"]
[WhiteElo "1918"]
[BlackElo "1313"]
[PlyCount "59"]
[EventDate "2002.11.29"]

1. d3 e6 2. e4 d5 3. Nd2 Nf6 4. Ngf3 Bc5 5. Be2 Nc6 6. O-O O-O 7. c3 e5 8. b4
Bd6 9. Bb2 Bg4 10. Ne1 Bxe2 11. Qxe2 d4 12. cxd4 Bxb4 13. dxe5 Bxd2 14. exf6
Bxe1 15. fxg7 Bb4 16. gxf8=Q+ Kxf8 17. Qe3 Qd6 18. d4 Rd8 19. Rad1 Ba5 20. d5
Bb6 21. Qh3 Nb4 22. Qxh7 Nxa2 23. e5 Qg6 24. Qh4 Ke8 25. Qa4+ Ke7 26. Ba3+ c5
27. dxc6+ Ke6 28. Qc4+ Kf5 29. Rxd8 Bxd8 30. cxb7 1-0

[Event "Motor City Open"]
[Site "Warren, MI"]
[Date "2002.11.29"]
[Round "1.23"]
[White "Korpi, Ernie"]
[Black "Sturgis, Derreck"]
[Result "1-0"]
[WhiteElo "1679"]
[BlackElo "1090"]
[PlyCount "79"]
[EventDate "2002.11.29"]

1. e4 e5 2. Nf3 Nc6 3. Bc4 Bc5 4. d3 Nf6 5. Nc3 a6 6. O-O O-O 7. Bg5 b5 8. Bb3
Bb7 9. Nd5 Be7 10. Nxe7+ Qxe7 11. c3 h6 12. Bh4 Na5 13. Bc2 g5 14. Bg3 Nc6 15.
Qd2 Nh7 16. d4 d6 17. d5 Na5 18. b3 c6 19. dxc6 Bxc6 20. Rad1 Rad8 21. Qe3 Qb7
22. h4 f6 23. hxg5 hxg5 24. Rd2 Qf7 25. Qb6 Qb7 26. Qxa5 Bxe4 27. Bxe4 Qxe4 28.
Qxa6 b4 29. Re1 Ra8 30. Qxd6 Qb7 31. Qxb4 Qc7 32. c4 Rfb8 33. Qd6 Qxd6 34. Rxd6
Rxa2 35. c5 Rb2 36. Rc1 Nf8 37. c6 R2xb3 38. Nd2 R3b5 39. c7 Rc8 40. Rd8 1-0

[Event "Motor City Open"]
[Site "Warren, MI"]
[Date "2002.11.29"]
[Round "1.22"]
[White "Keddie, Jeremy"]
[Black "Matyszewski, Krzysztof"]
[Result "0-1"]
[WhiteElo "1103"]
[BlackElo "1709"]
[PlyCount "55"]
[EventDate "2002.11.29"]

1. e4 c5 2. Nc3 d6 3. d3 g6 4. g3 Bg7 5. Nge2 Nc6 6. Bg2 e6 7. Be3 Nge7 8. Qd2
Nd4 9. f4 Bd7 10. O-O Rb8 11. Rab1 Nec6 12. b3 Nb4 13. e5 Nbxc2 14. Nd1 dxe5
15. Nf2 Nxe3 16. Qxe3 Nxe2+ 17. Qxe2 exf4 18. Ne4 O-O 19. Rbe1 fxg3 20. Nxg3
Bc6 21. h3 Qd4+ 22. Rf2 Rbd8 23. Qc2 Bxg2 24. Kxg2 Qxd3 25. Qxc5 Bd4 26. Qg5
Bxf2 27. Kxf2 Qd2+ 28. Kf1 0-1

[Event "Motor City Open"]
[Site "Warren, MI"]
[Date "2002.11.29"]
[Round "2.24"]
[White "Kaminski, Trajce"]
[Black "Vasos, John"]
[Result "1-0"]
[WhiteElo "1800"]
[BlackElo "1176"]
[PlyCount "63"]
[EventDate "2002.11.29"]

1. Nf3 Nc6 2. d4 d5 3. c4 e5 4. dxe5 dxc4 5. Qxd8+ Nxd8 6. Nc3 c6 7. a4 f6 8.
Bf4 Ne6 9. e3 Nxf4 10. exf4 Be6 11. O-O-O a6 12. Nd4 Bf7 13. e6 Bh5 14. f3 Ke7
15. g4 Be8 16. Bxc4 g6 17. f5 Bh6+ 18. Kc2 Bf4 19. Nde2 Bc7 20. Ne4 b5 21. axb5
cxb5 22. Bb3 Rc8 23. Kb1 gxf5 24. gxf5 h5 25. Rhg1 Bxh2 26. Rg7+ Kf8 27. Ra7
Rc6 28. Rd8 Be5 29. Raa8 h4 30. Rxe8+ Kg7 31. e7 Nxe7 32. Rxe7+ 1-0

[Event "Motor City Open"]
[Site "Warren, MI"]
[Date "2002.11.29"]
[Round "1.30"]
[White "Johnson, Will"]
[Black "Robertson, John"]
[Result "0-1"]
[WhiteElo "557"]
[BlackElo "1572"]
[PlyCount "34"]
[EventDate "2002.11.29"]

1. d4 Nf6 2. e3 g6 3. Bd3 Bg7 4. Nf3 O-O 5. c3 d6 6. Nbd2 c5 7. O-O cxd4 8.
Nxd4 Nc6 9. Re1 Bd7 10. Bb5 Rb8 11. Qf3 Nxd4 12. exd4 Bxb5 13. Nb3 Bc6 14. Qe2
Re8 15. c4 Qc8 16. c5 Qg4 17. Qxg4 Nxg4 {Remainder illegible, 47?} 0-1

[Event "Motor City Open"]
[Site "Warren, MI"]
[Date "2002.11.29"]
[Round "1.27"]
[White "Hazzard, Bill"]
[Black "Brown, JaMonte"]
[Result "1-0"]
[WhiteElo "1624"]
[BlackElo "893"]
[PlyCount "100"]
[EventDate "2002.11.29"]

1. d4 d5 2. Nf3 Bg4 3. e3 Nf6 4. c4 e6 5. Nbd2 Ne4 6. Bd3 Bb4 7. Qa4+ Nc6 8.
O-O Bxf3 9. Nxf3 O-O 10. a3 Bd6 11. c5 Be7 12. Nd2 Nxd2 13. Bxd2 e5 14. f3 exd4
15. exd4 Bf6 16. Bc3 Bg5 17. Bb5 Qd7 18. Bxc6 Qxc6 19. Qxc6 bxc6 20. f4 Bh4 21.
g3 Bf6 22. Rfe1 Rfe8 23. Kf2 Rxe1 24. Rxe1 g6 25. Kf3 Kg7 26. g4 g5 27. f5 Rb8
28. Re3 a5 29. Ke2 Rb3 30. Kd2 a4 31. Kd3 h6 32. Re8 Rb7 33. Ra8 Be7 34. Rxa4
Rb5 35. b4 Rb8 36. Ra6 Re8 37. a4 Bd8 38. Ra8 Kf6 39. a5 Ke7 40. a6 Kd7 41. a7
Be7 42. Rxe8 Kxe8 43. a8=Q+ Kd7 44. Qh8 f6 45. Qxh6 Kd8 46. Be1 Kd7 47. h4 gxh4
48. Bxh4 Kd8 49. Bxf6 Bxf6 50. Qxf6+ Kc8 1-0

[Event "Motor City Open"]
[Site "Warren, MI"]
[Date "2002.11.29"]
[Round "2.9"]
[White "Gabbara, Faris"]
[Black "Livschitz, Louiza"]
[Result "1-0"]
[WhiteElo "2051"]
[BlackElo "1590"]
[PlyCount "43"]
[EventDate "2002.11.29"]

1. e4 c5 2. Nf3 Nc6 3. Nc3 d6 4. d4 cxd4 5. Nxd4 Nf6 6. Bc4 e6 7. Bb3 Be7 8.
Be3 O-O 9. O-O a6 10. Kh1 Qc7 11. a4 b6 12. f4 Bb7 13. Qe2 Nxd4 14. Bxd4 e5 15.
Bg1 Rac8 16. f5 Rfd8 17. Rad1 h6 18. Rd3 Qc6 19. Rfd1 Nxe4 20. Nd5 Qd7 21. Qxe4
Bxd5 22. Rxd5 1-0

[Event "Motor City Open"]
[Site "Warren, MI"]
[Date "2002.11.29"]
[Round "1.14"]
[White "Fick II, Douglas"]
[Black "Garrison, Ray"]
[Result "0-1"]
[WhiteElo "1289"]
[BlackElo "1874"]
[PlyCount "95"]
[EventDate "2002.11.29"]

1. e4 e6 2. d4 d5 3. Nd2 Nf6 4. Bd3 c5 5. c3 Nc6 6. Ngf3 dxe4 7. Nxe4 cxd4 8.
Nxf6+ gxf6 9. cxd4 Bd7 10. Be4 f5 11. Bc2 Nb4 12. Bb3 Bb5 13. Ba4 Nd3+ 14. Qxd3
Qa5+ 15. Bd2 Qxa4 16. Qe3 Rg8 17. Ng5 Rxg5 18. Qxg5 Qxd4 19. Bc3 Qe4+ 20. Qe3
Qxg2 21. O-O-O Rc8 22. Rdg1 Qd5 23. Kb1 f4 24. Qe5 Bd3+ 25. Ka1 Qxe5 26. Bxe5
Be4 27. Rc1 Rc6 28. Rxc6 Bxc6 29. Rd1 Bc5 30. Rd2 f3 31. Bd4 Bd6 32. Bf6 Bd5
33. h3 Kd7 34. Rd4 Bc5 35. Rd2 Kc6 36. Bd4 e5 37. Bxe5 Be6 38. h4 Be7 39. Rd4
Bc5 40. Rd2 Be7 41. Rd4 Kc5 42. b4+ Kb5 43. Rf4 Bd5 44. Bc3 Bd6 45. Rf5 Kc4 46.
Kb2 Be7 47. a4 Bd6 48. Bd2 0-1

[Event "Motor City Open"]
[Site "Warren, MI"]
[Date "2002.11.29"]
[Round "1.5"]
[White "Ferenti, Cornel"]
[Black "Wood, Jack"]
[Result "1-0"]
[WhiteElo "2169"]
[BlackElo "1450"]
[PlyCount "73"]
[EventDate "2002.11.29"]

1. e4 c5 2. Nf3 e6 3. d3 d5 4. Nbd2 Nc6 5. g3 Be7 6. Bg2 Nf6 7. O-O O-O 8. e5
Nd7 9. Re1 Qc7 10. Qe2 Re8 11. Nf1 b6 12. Bf4 Bb7 13. h4 Nf8 14. h5 Qd7 15.
N1h2 f6 16. h6 Ng6 17. hxg7 Nxf4 18. gxf4 f5 19. Ng5 Bxg5 20. fxg5 Qxg7 21. f4
Kf7 22. Nf1 Rh8 23. Ng3 h6 24. Bxd5 exd5 25. Nxf5 Nd4 26. Qh5+ Qg6 27. e6+ Nxe6
28. Nd6+ Kg7 29. Qxg6+ Kxg6 30. Rxe6+ Kh5 31. Nxb7 hxg5 32. fxg5 Rae8 33. Rae1
Rxe6 34. Rxe6 d4 35. Rh6+ Rxh6 36. gxh6 Kxh6 37. Nd6 1-0

[Event "Motor City Open"]
[Site "Warren, MI"]
[Date "2002.11.29"]
[Round "2.13"]
[White "Domineck, Lasid"]
[Black "Kvatadze, David"]
[Result "0-1"]
[WhiteElo "1286"]
[BlackElo "1918"]
[PlyCount "54"]
[EventDate "2002.11.29"]

1. e4 d6 2. d4 Nf6 3. Bd3 e5 4. d5 Be7 5. Ne2 O-O 6. O-O Nbd7 7. c4 Ne8 8. f4
exf4 9. Nxf4 Ne5 10. Nc3 c6 11. Qc2 Bg5 12. Bd2 Ng4 13. Nh3 Ne3 14. Bxe3 Bxe3+
15. Nf2 Qg5 16. Kh1 Nf6 17. Rae1 Nh5 18. Be2 Nf4 19. Bf3 Ng6 20. Qe2 Bd4 21.
Qd3 Be5 22. Qe3 Qh4 23. Nh3 Bxh3 24. gxh3 Qxh3 25. Qf2 Nh4 26. Re3 Bd4 27. Qg3
Qxf1+ 0-1

[Event "Motor City Open"]
[Site "Warren, MI"]
[Date "2002.11.29"]
[Round "2.12"]
[White "Dillabough, Tracey"]
[Black "Bailey, Greg"]
[Result "1-0"]
[WhiteElo "1488"]
[BlackElo "1956"]
[PlyCount "95"]
[EventDate "2002.11.29"]

1. d4 Nf6 2. c4 g6 3. Nc3 Bg7 4. Nf3 d6 5. Bf4 Na6 6. e3 c5 7. Be2 O-O 8. h3
Bd7 9. d5 Nc7 10. e4 a6 11. a4 b5 12. axb5 axb5 13. e5 Nfe8 14. O-O bxc4 15.
Bxc4 Qb8 16. Qb3 Qxb3 17. Bxb3 Rb8 18. Ra3 Rb4 19. Bg5 f6 20. e6 Bb5 21. Nxb5
Nxb5 22. Bd2 Re4 23. Ra2 Nec7 24. Bc2 f5 25. Bxe4 fxe4 26. Ng5 Nxd5 27. Nxe4
Ndc7 28. Rfa1 Nxe6 29. Nc3 Nbd4 30. Re1 Rb8 31. Nd5 Kf7 32. Bc3 Rb7 33. Kf1 Nd8
34. Ra6 N8c6 35. Rea1 Ke6 36. Nf4+ Kf7 37. Nd5 Be5 38. Rb6 Rd7 39. f4 Bg7 40.
Ra8 Nd8 41. Rc8 N8e6 42. g4 Bh6 43. g5 Bg7 44. Rbb8 Nf8 45. Nb6 Ra7 46. Ra8
Rxa8 47. Rxa8 Nfe6 48. Nd5 1-0

[Event "Motor City Open"]
[Site "Warren, MI"]
[Date "2002.11.29"]
[Round "1.10"]
[White "Cottrell-Finegold, Kelly"]
[Black "Davidovich, Manis"]
[Result "0-1"]
[WhiteElo "1384"]
[BlackElo "2000"]
[PlyCount "50"]
[EventDate "2002.11.29"]

1. d4 Nf6 2. c4 g6 3. Nc3 Bg7 4. Nf3 O-O 5. e3 d6 6. Be2 Nbd7 7. O-O e5 8. Qc2
c6 9. Bd2 Qe7 10. Ne1 Ne8 11. Nf3 g5 12. h3 f5 13. e4 f4 14. d5 a5 15. a3 h5
16. Nh2 Ndf6 17. Qd3 g4 18. Kh1 Bh6 19. Rg1 Kh8 20. Na4 Nxe4 21. Be1 Bf5 22.
Qb3 Rg8 23. hxg4 hxg4 24. f3 g3 25. Ng4 Qh4+ 0-1

[Event "Motor City Open"]
[Site "Warren, MI"]
[Date "2002.11.29"]
[Round "2.25"]
[White "Collins, Martell"]
[Black "Collins, Charles"]
[Result "1-0"]
[WhiteElo "1134"]
[BlackElo "1710"]
[PlyCount "71"]
[EventDate "2002.11.29"]

1. Nf3 c5 2. e4 d6 3. Nc3 Nc6 4. Bc4 Nf6 5. h3 g6 6. O-O Bg7 7. a3 O-O 8. d3 e6
9. Rb1 d5 10. exd5 exd5 11. Ba2 Bf5 12. Bg5 Qd7 13. Bxf6 Bxf6 14. Bxd5 Nd4 15.
Ba2 Rfe8 16. Nxd4 Bxd4 17. Qf3 b5 18. Rbe1 Rxe1 19. Rxe1 a5 20. Ne4 Bxe4 21.
dxe4 c4 22. Rd1 Qa7 23. c3 Bg7 24. Bb1 Qb6 25. Rd7 Qe6 26. Rb7 b4 27. axb4 axb4
28. Rxb4 Qc6 29. Qe2 Rd8 30. Ba2 Ra8 31. Qxc4 Qxc4 32. Bxc4 Ra1+ 33. Kh2 Be5+
34. g3 Rb1 35. Bd5 Bxc3 36. bxc3 1-0

[Event "Motor City Open"]
[Site "Warren, MI"]
[Date "2002.11.29"]
[Round "1.21"]
[White "Collins, Charles"]
[Black "Speight, Timothy"]
[Result "0-1"]
[WhiteElo "1710"]
[BlackElo "1107"]
[PlyCount "58"]
[EventDate "2002.11.29"]

1. d4 d5 2. c4 e6 3. g3 Nf6 4. Bg2 c6 5. Nf3 Nbd7 6. O-O Be7 7. Qc2 dxc4 8. Rd1
Qc7 9. Nbd2 O-O 10. Nxc4 Rd8 11. Bf4 e5 12. Nfxe5 Nxe5 13. Bxe5 Qd7 14. Rac1
Qf5 15. e4 Qh5 16. Bxf6 Bxf6 17. d5 cxd5 18. exd5 Bf5 19. Be4 Bh3 20. Ne3 Rac8
21. Qb3 Qe5 22. Bf3 Bg5 23. Rxc8 Rxc8 24. Nc4 Qc7 25. Ne3 Qc5 26. d6 Rd8 27.
Qc4 Bxe3 28. fxe3 Qxe3+ 29. Kh1 Qxf3+ 0-1

[Event "Motor City Open"]
[Site "Warren, MI"]
[Date "2002.11.29"]
[Round "2.31"]
[White "Brown, JaMonte"]
[Black "Li, Derek"]
[Result "0-1"]
[WhiteElo "893"]
[BlackElo "1434"]
[PlyCount "69"]
[EventDate "2002.11.29"]

1. d4 Nf6 2. e3 g6 3. Bd3 Bg7 4. Nf3 d6 5. Nbd2 O-O 6. O-O c5 7. c3 Nc6 8. Re1
cxd4 9. exd4 Qc7 10. Bb5 a6 11. Bxc6 bxc6 12. Re2 Re8 13. h3 Rb8 14. Qe1 a5 15.
a4 Ba6 16. c4 d5 17. b3 Qd7 18. Ne5 Qc7 19. Qd1 Nd7 20. Nxd7 Qxd7 21. Re1 Bxd4
22. Rb1 Bg7 23. cxd5 cxd5 24. Ba3 Bd4 25. Bb2 Bb6 26. Nc4 Bc5 27. Ne5 Qf5 28.
Bd4 Bd3 29. Qxd3 Qxd3 30. Nxd3 Bxd4 31. Nf4 e6 32. Nd3 Rec8 33. b4 axb4 34.
Rxb4 Rxb4 35. Nxb4 {Remainer illegible, 40?} 0-1

[Event "Motor City Open"]
[Site "Warren, MI"]
[Date "2002.11.29"]
[Round "1.11"]
[White "Bailey, Greg"]
[Black "Purtell, Ryan"]
[Result "1-0"]
[WhiteElo "1956"]
[BlackElo "1358"]
[PlyCount "55"]
[EventDate "2002.11.29"]

1. f4 f5 2. e4 fxe4 3. d3 Nf6 4. dxe4 Nxe4 5. Bd3 Nf6 6. g4 g6 7. g5 Nd5 8.
Bxg6+ hxg6 9. Qxd5 d6 10. Be3 Bg7 11. Nc3 c6 12. Qd2 Qa5 13. Nge2 Bh3 14. O-O-O
Nd7 15. Nd4 O-O-O 16. Rdg1 Nb6 17. Qd3 Bf5 18. Nxf5 Bxc3 19. Nxe7+ Kc7 20.
Bxb6+ axb6 21. Qxc3 Qxa2 22. Nxg6 Rxh2 23. Rxh2 Qa1+ 24. Kd2 Qxg1 25. Re2 Rd7
26. Qe3 Qa1 27. Nf8 Rh7 28. Nxh7 1-0

[Event "Motor City Open"]
[Site "Warren, MI"]
[Date "2002.11.30"]
[Round "3.29"]
[White "Zaremba, Anatoli"]
[Black "Vandivier, Don"]
[Result "0-1"]
[WhiteElo "1137"]
[BlackElo "1945"]
[PlyCount "62"]
[EventDate "2002.11.29"]

1. d4 Nf6 2. c4 e6 3. Nc3 d5 4. Nf3 Be7 5. e3 O-O 6. Bd3 dxc4 7. Bxc4 a6 8. a4
c5 9. O-O cxd4 10. Qxd4 Qc7 11. Qf4 e5 12. Qxe5 Qxc4 13. Qxe7 Nc6 14. Qc7 Ra7
15. Qb6 Nd7 16. Qc7 b5 17. Qd6 b4 18. Nd5 a5 19. Ne7+ Nxe7 20. Qxe7 Ba6 21. Rd1
Rc7 22. h3 Nf6 23. Qd6 Rd7 24. Qxd7 Nxd7 25. Rxd7 Qf1+ 26. Kh2 Qxf2 27. Bd2 h5
28. Rc1 h4 29. Rd6 Bc8 30. Rd5 Bxh3 31. Kxh3 Qg3# 0-1

[Event "Motor City Open"]
[Site "Warren, MI"]
[Date "2002.11.30"]
[Round "3.17"]
[White "Winowski, Joe"]
[Black "Matyszewski, Krzysztof"]
[Result "0-1"]
[WhiteElo "1431"]
[BlackElo "1709"]
[PlyCount "40"]
[EventDate "2002.11.29"]

1. e4 c5 2. Nf3 d6 3. d4 cxd4 4. Nxd4 g6 5. Be3 Nc6 6. Qd2 Nf6 7. f3 h5 8. Nc3
Bg7 9. Bc4 a6 10. a4 Bd7 11. O-O Rc8 12. Rfb1 Kf8 13. b4 Nxd4 14. Qxd4 Ng4 15.
Qd3 Nxe3 16. Ra3 Nxc4 17. b5 a5 18. Nd5 e6 19. Nf4 Qg5 20. Nh3 Qe3+ 0-1

[Event "Motor City Open"]
[Site "Warren, MI"]
[Date "2002.11.30"]
[Round "5.19"]
[White "Winowski, Joe"]
[Black "MacLeod, Neil"]
[Result "1-0"]
[WhiteElo "1431"]
[BlackElo "1750"]
[PlyCount "82"]
[EventDate "2002.11.29"]

1. e4 d5 2. exd5 Qxd5 3. Nc3 Qa5 4. Nf3 Nf6 5. d4 Bf5 6. Bd3 Bg4 7. O-O c6 8.
Re1 e6 9. Bd2 Qd8 10. Ne4 Be7 11. c3 Na6 12. Bg5 Nxe4 13. Bxe7 Qxe7 14. Bxe4
O-O-O 15. Qd3 Bxf3 16. Qxf3 f6 17. Bf5 Nc7 18. Qh3 Rd6 19. Re2 g6 20. Bxg6 Qg7
21. Bc2 Nd5 22. Rxe6 Rxe6 23. Qxe6+ Kc7 24. Re1 Qg5 25. c4 Nf4 26. Qe7+ Kb6 27.
Qb4+ Ka6 28. Qa4+ Kb6 29. c5+ Kc7 30. g3 Qd5 31. Qa5+ Kb8 32. gxf4 Rg8+ 33. Kf1
Qh1+ 34. Ke2 Re8+ 35. Kd1 Qf3+ 36. Kc1 Qxf4+ 37. Kb1 Rh8 38. Re4 Qxf2 39. h4
Rg8 40. b3 f5 41. Re7 Qxd4 1-0

[Event "Motor City Open"]
[Site "Warren, MI"]
[Date "2002.11.30"]
[Round "3.8"]
[White "Wilson, Vester"]
[Black "Reid, Ricky"]
[Result "1-0"]
[WhiteElo "2087"]
[BlackElo "1782"]
[PlyCount "51"]
[EventDate "2002.11.29"]

1. e4 c5 2. Nf3 Nc6 3. Nc3 d6 4. d4 cxd4 5. Nxd4 Bd7 6. Be3 a6 7. Qd2 Nf6 8. f3
e6 9. O-O-O Be7 10. g4 b5 11. g5 Nh5 12. f4 g6 13. Be2 Nxf4 14. Bxf4 Nxd4 15.
Qxd4 e5 16. Bxe5 dxe5 17. Qxe5 O-O 18. Bg4 Bxg5+ 19. Kb1 Bf6 20. Qg3 Ra7 21.
Qf2 Qe8 22. Bxd7 Rxd7 23. Qxf6 b4 24. Rxd7 Qxd7 25. Nd5 Re8 26. Qd4 1-0

[Event "Motor City Open"]
[Site "Warren, MI"]
[Date "2002.11.30"]
[Round "5.30"]
[White "Williams, Marcus"]
[Black "Spindleman, Brian"]
[Result "1-0"]
[WhiteElo "1227"]
[BlackElo "960"]
[PlyCount "29"]
[EventDate "2002.11.29"]

1. d4 d5 2. Nf3 c5 3. e3 e6 4. b3 Nc6 5. Bb2 Nf6 6. Bd3 Be7 7. O-O O-O 8. Nbd2
cxd4 9. exd4 Bd6 10. Ne5 Nxe5 11. dxe5 Ne8 12. exd6 Qxd6 13. Qh5 g6 14. Qe5 Qb6
15. Qh8# 1-0

[Event "Motor City Open"]
[Site "Warren, MI"]
[Date "2002.11.30"]
[Round "3.24"]
[White "Williams, Marcus"]
[Black "Li, Wei"]
[Result "0-1"]
[WhiteElo "1227"]
[BlackElo "1531"]
[PlyCount "77"]
[EventDate "2002.11.29"]

1. d4 Nf6 2. Nf3 d5 3. b3 Nbd7 4. Bb2 e6 5. Nbd2 c5 6. e3 a6 7. c4 cxd4 8. exd4
dxc4 9. Nxc4 Bb4+ 10. Ncd2 b5 11. Bd3 Bb7 12. O-O Nd5 13. Rc1 O-O 14. h4 N7f6
15. Ne5 Nf4 16. Ndf3 Nxd3 17. Qxd3 Bd6 18. Rfe1 h6 19. Nc6 Qd7 20. Nfe5 Bxe5
21. Nxe5 Qd5 22. f3 Rac8 23. Rxc8 Rxc8 24. Rc1 Rxc1+ 25. Bxc1 Nd7 26. Nxd7 Qxd7
27. Qc3 Qc6 28. Qxc6 Bxc6 29. b4 f6 30. Kf2 Kf7 31. Ke3 g5 32. hxg5 hxg5 33. g3
Ke7 34. f4 g4 35. Bb2 f5 36. a3 Kd6 37. Kd3 Be4+ 38. Ke3 Bg2 39. Kd3 0-1